Missing Word: Presidential Sound Bites Quiz Stats

 Plays Quiz Updated Jan 21, 2013

Support Sporcle.
Go Orange.
Score 0/18 Timer 03:00
0 Plays Today
Quote Missing Word % Correct
Ask not what your ______ can do for you...Country
97.7%
Mr. Gorbachev: tear down this _____wall
92.3%
Four ____ and seven years ago...score
92.1%
Yes we _____can
91.7%
Those weapons of mass ____ have got to be somewhere!destruction
91.3%
The buck _____ herestops
91.1%
Speak softly and carry a big _____stick
83%
December 7, 1941, a date which will live in ______infamy
79.9%
Read my lips: no new ______taxes
77.2%
Quote Missing Word % Correct
Blessed are the young for they shall inherit the national _____debt
74.3%
I am not a _____crook
69.2%
The world must be made ____ for democracysafe
43.9%
The business of America is ______business
29.3%
I still believe in a place called ____Hope
24.8%
If men were angels, no _______ would be necessarygovernment
22.1%
The tree of liberty must be refreshed from time to time with the blood of _____ and tyrants.patriots
18.9%
It is better to offer no ____ than a bad one.excuse
9.5%
Facts are _____ thingsstubborn
5.9%

Today's Daily Dose

You're not logged in!

Compare scores with friends on all Sporcle quizzes.
OR
Log In

From the Vault

Odd One Out: Classic Authors

by SporcleEXP

We've always thought authors were odd, so this quiz is nothing new.
Remove Ads.
Support Sporcle.
Get the best of Sporcle when you Go Orange. This ad-free experience offers more features, more stats, and more fun while also helping to support Sporcle. Thank you for becoming a member.

Show Comments

Extras

Top Quizzes Today


Score Distribution

Your Account Isn't Verified!

In order to create a playlist on Sporcle, you need to verify the email address you used during registration. Go to your Sporcle Settings to finish the process.

Report this User

Report this user for behavior that violates our Community Guidelines.

Details: